| 000 | 00529nam a2200181 i 4500 | ||
|---|---|---|---|
| 001 | bg | ||
| 245 | 0 | 0 |
_aErgonomiczna analiza uciążliwości pracy : _bpraca zbiorowa / _cpod red. Arwida Hansena. |
| 250 | _aWyd.2 popr. i uzup. | ||
| 260 |
_aWarszawa : _bWydaw. Związkowe CRZZ, _c1970. |
||
| 300 |
_a259, [1] s. : _brys. ; _c21 cm. |
||
| 650 | 9 | _aErgonomia | |
| 700 | 1 |
_aHansen, Arwid _d(1917-2002). _eRed. |
|
| 040 | _cBPK | ||
| 041 | a | _apl | |
| 080 | _a331.101.1 | ||
| 942 | _cKS | ||
| 008 | s pl f |000 0 pol | ||
| 999 |
_c39670 _d39670 |
||
| 856 |
_uhttp://koha.tu.koszalin.pl/cgi-bin/koha/opac-detail.pl?biblionumber=39670 _yKatalog online BPK |
||